00937nam a22002417a 4500003000500000005001700005008004100022010001100063011001100074035001100085040000900096100002700105245015200132260004000284500005900324502008100383650003600464650002100500650003300521650005000554650002700604856006400631CHAP20220329143724.0110412s2011 mx r 00010 spa d a100920 a101892 a112580 cCHAP1 aEstrada Mendoza, Pedro10aEstrategias para el manejo integral de los recursos naturales agua, suelo y bosque en el Estado de Pueblah[En línea]c/por Pedro Estrada Mendoza aChapingo, Méx. :bEl autor,c2011 aPara ver el contenido del materal haga clic en la liga aTesis (Ing. Agr. Esp. en Irrigación) -- UACH. Departamento de Irrigación14aAgua de lluviaxAlmacenamiento.14aBosquesxPuebla.14aEstrategias administrativas.14aRecursos naturalesxAdministraciónzPuebla.14aSuelosxDegradación. 3Finding aiduhttp://10.13.5.2/tesis/112580.pdfzTeclea aqui